|
|
|
|
| LEADER |
00000n m2a2200000 4500 |
| 001 |
183740 |
| 005 |
20231101223802.0 |
| 010 |
|
|
|a 9785928600754
|
| 035 |
|
|
|a (RuTPU)RU\TPU\book\199195
|
| 035 |
|
|
|a RU\TPU\book\199194
|
| 090 |
|
|
|a 183740
|
| 100 |
|
|
|a 20100820d2010 km y0rusy50 ca
|
| 101 |
0 |
|
|a rus
|
| 102 |
|
|
|a RU
|
| 105 |
|
|
|a a z 001zy
|
| 200 |
0 |
|
|a Т. 1: С древнейших времен до наших дней
|f Ю. П. Бочкарев [и др.]
|
| 210 |
|
|
|d 2010
|
| 215 |
|
|
|a 462 с.
|c ил.
|
| 320 |
|
|
|a Библиогр.: с. 429-455.
|
| 320 |
|
|
|a Глоссарий: с. 405-428.
|
| 330 |
|
|
|a Исторические очерки подготовлены ведущими учеными Российской академии наук и посвящены этапам становления и развития денежного обращения России от первых русских денежно-весовых систем домонгольского периода до создания денежной системы Российской Федерации. Особое внимание уделено важнейшей вехе преобразования финансово-экономической системы страны — периоду становления и развития Российской империи от начала проведения Петром I денежной реформы в первой четверти XVIII в. до формирования кредитно-финансовых структур во второй половине XIX в., создания первого Государственного банка России. Денежное обращение Нового времени представлено разделами, относящимися к периодам Первой мировой и Гражданской войн, послевоенной стабилизации денежного обращения в первой четверти XX в. Исследованы финансово-экономическая история советского периода, эпоха перестройки и финансовых реформ новейшего периода.
|
| 461 |
|
1 |
|0 (RuTPU)RU\TPU\book\199910
|y 978-5-9286-0074-7
|t Денежное обращение России : Исторические очерки
|o материалы архивных фондов
|f Центральный банк Российской Федерации (ЦБРФ); под ред. Г. И. Лунтовского; А. Н. Сахарова; А. В. Юрова
|v Т. 1: С древнейших времен до наших дней
|d 2010
|
| 600 |
|
1 |
|a Канкрин
|b Е. Ф.
|c русский граф, государственный деятель, министр финансов
|f 1774-1845
|g Егор Францевич
|2 stltpush
|3 (RuTPU)RU\TPU\pers\10808
|9 2386
|
| 606 |
1 |
|
|a Денежное обращение
|2 stltpush
|3 (RuTPU)RU\TPU\subj\36097
|9 57593
|
| 610 |
1 |
|
|a финансы
|
| 610 |
1 |
|
|a деньги
|
| 610 |
1 |
|
|a история
|
| 610 |
1 |
|
|a Россия
|
| 610 |
1 |
|
|a Древняя Русь
|
| 610 |
1 |
|
|a монеты
|
| 610 |
1 |
|
|a денежная система
|
| 610 |
1 |
|
|a денежная политика
|
| 610 |
1 |
|
|a денежные реформы
|
| 610 |
1 |
|
|a банковская система
|
| 610 |
1 |
|
|a финансовая политика
|
| 610 |
1 |
|
|a Государственный банк России
|
| 610 |
1 |
|
|a рубль
|
| 610 |
1 |
|
|a СССР
|
| 610 |
1 |
|
|a плановое хозяйство
|
| 610 |
1 |
|
|a мировой кризис
|
| 610 |
1 |
|
|a социалистическая экономика
|
| 610 |
1 |
|
|a каталоги
|
| 610 |
1 |
|
|a архивы
|
| 686 |
|
|
|a У9(2)262.6
|v LBC/SL-A
|2 rubbk
|
| 701 |
|
1 |
|a Бочкарев
|b Ю. П.
|g Юрий Павлович
|
| 701 |
|
1 |
|a Кучкин
|b В. А.
|g Владимир Андреевич
|
| 701 |
|
1 |
|a Степанов
|b В. Л.
|g Валерий Леонидович
|
| 701 |
|
1 |
|a Маршак
|b М. Б.
|g Мария Борисовна
|
| 801 |
|
1 |
|a RU
|b 63413507
|c 20100820
|
| 801 |
|
2 |
|a RU
|b 63413507
|c 20150526
|g RCR
|
| 942 |
|
|
|c BK
|